| 000 | 00578nam a22001697a 4500 | ||
|---|---|---|---|
| 008 | 180731b xxu||||| |||| 00| 0 eng d | ||
| 020 | _a9780205574438 | ||
| 050 |
_aPE1408 _b.C76 2008 |
||
| 100 | _aCrowley, Sharon, | ||
| 245 |
_aAncient rhetorics for contemporary students / _cSharon Crowley, Arizone State University, Debra Hawhee, |
||
| 250 | _aFourth edition | ||
| 260 |
_aNew York : _bPearson Education, Inc., _cc2009. |
||
| 300 |
_a xvii, 462 p.: _billustrations ; _c25 cm |
||
| 650 |
_aEnglish language _xRhetoric |
||
| 650 | _aRhetoric, Ancient | ||
| 942 |
_2lcc _cBK |
||
| 999 |
_c53267 _d53267 |
||